| 000 | 00633nam a2200193 a 4500 | ||
|---|---|---|---|
| 999 |
_c2580 _d2580 |
||
| 003 | BD-JhCC | ||
| 005 | 20171104202530.0 | ||
| 008 | 171104b1986 bg ||||| |||| 00| 0 ben d | ||
| 035 | _a(BD-JhCC) | ||
| 040 |
_aBD-JhCC _dBD-JhCC |
||
| 041 | _aben | ||
| 082 |
_a891.4435 _bRAH 1986 |
||
| 100 | _aরহমান, ডাক্তার লুৎফর | ||
| 245 |
_aউচ্চ জীবন / _cডাঃ লুৎফর রহমান |
||
| 260 |
_aঢাকা: _bআহমদ পাবলিশিং হাউস ; _c১৯৮৬ |
||
| 300 |
_a৭৪ পৃ. ; _c২০ সেমি |
||
| 650 | _aShort stories | ||
| 942 |
_2ddc _cBK |
||